• 首页
  • 本馆介绍
  • 公告通知
  • 最新文献
  • 馆藏检索
  • 电子资源
  • 读者导购
  • 参考咨询
  • 我的图书馆
  • 登录
  • 详细信息显示
  • 放入我的书架
  • 预约/预借图书
  • 作者相关作品
  • 分类相关作品
  • 丛书相关作品
  • 出版社相关作品

书目信息

  • 表格格式
  • 工作单格式
  • 卡片格式
题名:
中国舞蹈生态学研究
    
 
作者: 资华筠 著
分册:  
出版信息: 北京   中国文联出版社  2016
页数: 166页
开本: 24cm
丛书名: 中国艺术学文库·博导文丛
单 册:
中图分类: J72
科图分类:
主题词: 舞蹈--生态学--研究--中国
电子资源:
ISBN: 978-7-5190-0075-2
000 01072oam2 2200277 450
001 2374945186
005 20231209212328.93
010    @a978-7-5190-0075-2@dCNY60.00
100    @a20181129d2016 em y0chiy50 ea
101 0  @achi
102    @aCN@b110000
105    @ay z 000yy
200 1  @a中国舞蹈生态学研究@Azhong guo wu dao sheng tai xue yan jiu@f资华筠著
210    @a北京@c中国文联出版社@d2016
215    @a166页@d24cm
225 1  @a中国艺术学文库·博导文丛@f仲呈祥总主编
300    @a中国文学艺术基金会资助项目 中国文联文艺出版精品工程项目
312    @a封面英文题名:Research of choreoecology in China
330    @a本书内容分为学术论文和思想集萃两部分,收录了《“舞蹈生态学”回眸》、《面向21世纪的舞蹈学科建设思考》、《舞蹈美育科学化探讨》、《关于优化“理论评论生态”的思考》等文章。
410  0 @12001 @a中国艺术学文库·博导文丛
510 1  @aResearch of choreoecology in China@zeng
606 0  @a舞蹈@x生态学@x研究@y中国
690    @aJ72@v5
701  0 @a资华筠@Azi hua jun@f(1936-2014)@4著
801  0 @aCN@b91MARC@c20181129
905    @aZUCC@dJ72@e1
    
    中国舞蹈生态学研究/资华筠著.-北京:中国文联出版社,2016
    166页;24cm.-(中国艺术学文库·博导文丛/仲呈祥总主编)
    中国文学艺术基金会资助项目 中国文联文艺出版精品工程项目
    
    ISBN 978-7-5190-0075-2:CNY60.00
    本书内容分为学术论文和思想集萃两部分,收录了《“舞蹈生态学”回眸》、《面向21世纪的舞蹈学科建设思考》、《舞蹈美育科学化探讨》、《关于优化“理论评论生态”的思考》等文章。
●
相关链接 在五车中查询图书 在当当中查询图书 在豆瓣中查询图书


正题名:中国舞蹈生态学研究     索取号:J72/1         预约/预借

序号 登录号 条形码 馆藏地/架位号 状态 备注
1 2001033639   2001033639   第四书库/四35架A面2层3列/ [索取号:J72/1] 在馆    
2 2001033640   2001033640   第四书库/四35架A面2层3列/ [索取号:J72/1] 在馆    
3 2001033641   2001033641   第四书库/四35架A面2层3列/ [索取号:J72/1] 在馆    
4 2001033642   2001033642   第四书库/四35架A面2层3列/ [索取号:J72/1] 在馆    
5 2001033643   2001033643   第四书库/四35架A面2层3列/ [索取号:J72/1] 在馆    
6 2001033644   2001033644   第四书库/四35架A面2层3列/ [索取号:J72/1] 在馆    
山东省滨州职业学院图书馆 欢迎您!
大连网信软件有限公司© 版权所有